Матрицы, векторы и линейные экономические модели (Запись № 1798612)

Подробности
000 -МАРКЕР
контрольное поле 01636nam1a2200325 4500
001 - ИДЕНТИФИКАТОР ЗАПИСИ
контрольное поле RU\NLR\bibl\1511147
005 - ИДЕНТИФИКАТОР ВЕРСИИ
контрольное поле 20260408191053.0
035 ## - ДРУГИЕ СИСТЕМНЫЕ НОМЕРА
Идентификатор записи (NLR Aleph) 001502544
100 ## - ДАННЫЕ ОБЩЕЙ ОБРАБОТКИ
Данные общей обработки 20260201 rusy50
101 0# - ЯЗЫК РЕСУРСА
Язык текста, звукозаписи и т.д. русский
102 ## - СТРАНА ПУБЛИКАЦИИ ИЛИ ПРОИЗВОДСТВА
Страна публикации российская федерация
105 ## - ПОЛЕ КОДИРОВАННЫХ ДАННЫХ: ТЕКСТОВЫЕ МАТЕРИАЛЫ, МОНОГРАФИЧЕСКИЕ
Кодированные данные о монографическом текстовом документе ||||z |||||
200 1# - ЗАГЛАВИЕ И СВЕДЕНИЯ ОБ ОТВЕТСТВЕННОСТИ
Основное заглавие Матрицы, векторы и линейные экономические модели
Сведения, относящиеся к заглавию сборник задач
-- учебное пособие для студентов высших сельскохозяйственных учебных заведений по агроинженерным специальностям
Первые сведения об ответственности А.Я. Бабудаев, И.Г. Табакова
210 ## - ПУБЛИКАЦИЯ, РАСПРОСТРАНЕНИЕ И ДР.
Место издания, распространения и т.д. Москва
Имя издателя, распространителя и т. д. Изд-во РГАУ-МСХА
Дата издания, распространения и т.д. 2010
215 ## - ФИЗИЧЕСКАЯ ХАРАКТЕРИСТИКА
Размеры 21
313 ## - ПРИМЕЧАНИЯ, ОТНОСЯЩИЕСЯ К ТЕМАТИЧЕСКОМУ ДОСТУПУ
Текст примечания Задачи для уч.пособия Nзап.36228
463 #0 - УРОВЕНЬ ФИЗИЧЕСКОЙ ЕДИНИЦЫ
Встроенное поле 0011509107
606 1# - НАИМЕНОВАНИЕ ТЕМЫ КАК ПРЕДМЕТ
Наименование темы Векторы
Формальный подзаголовок Учебные издания для высших учебных заведений
Тематический подзаголовок Задачи
-- Решение
Системный номер авторитетной/нормативной записи 2036907
Идентификатор авторитетной/нормативной записи RU\NLR\auth\661222885
606 ## - НАИМЕНОВАНИЕ ТЕМЫ КАК ПРЕДМЕТ
-- rus
Наименование темы Матрицы (мат.)
Тематический подзаголовок Задачи
-- Решение
-- ca
Формальный подзаголовок Учебные издания для высших учебных заведений
Идентификатор авторитетной/нормативной записи RU\NLR\auth\661262230
Системный номер авторитетной/нормативной записи 2086103
686 ## - ИНДЕКСЫ ДРУГИХ КЛАССИФИКАЦИЙ
Индекс В152.23я73-41
686 ## - ИНДЕКСЫ ДРУГИХ КЛАССИФИКАЦИЙ
Индекс В181.141я73-41
700 #1 - ИМЯ ЛИЦА - ПЕРВИЧНАЯ ОТВЕТСТВЕННОСТЬ
Начальный элемент ввода Бабудаев
Часть имени, кроме начального элемента ввода А. Я.
Расширение инициалов личного имени Анатолий Яковлевич
Код отношения Автор
701 #1 - ИМЯ ЛИЦА - АЛЬТЕРНАТИВНАЯ ОТВЕТСТВЕННОСТЬ
Начальный элемент ввода Табакова
Часть имени, кроме начального элемента ввода И. Г.
Расширение инициалов личного имени Ирина Геннадьевна
Код отношения Автор
801 #0 - ИСТОЧНИК ЗАПИСИ
Страна российская федерация
Организация NLR
Дата составления 20100515
Правила каталогизации RCR
801 #1 - ИСТОЧНИК ЗАПИСИ
Страна российская федерация
Организация NLR
Дата составления 20100515
852 ## - МЕСТОНАХОЖДЕНИЕ И ШИФР ХРАНЕНИЯ
Идентификатор организации NLR
Шифр хранения (Call Number) 2010-3/15726
942 ## - ДОПОЛНИТЕЛЬНЫЕ ЭЛЕМЕНТЫ ЗАПИСИ (АБИС)
Тип экземпляра АБИС Книга
980 ## - КОЛЛЕКЦИЯ
Название коллекции Национальная библиография

Нет доступных экземпляров.